[Event "IND-ch Senior Open 2019"]
[Site "Mazitar"]
[Date "2019.12.12"]
[Round "4.19"]
[White "Bakre, Tejas"]
[Black "Priyanka, Kumari"]
[Result "1-0"]
[WhiteElo "2445"]
[BlackElo "1874"]
[Annotator "ChessBase"]
[PlyCount "60"]
[EventDate "2018.12.08"]
[EventType "swiss"]
[EventRounds "11"]
[EventCountry "IND"]
[SourceTitle "playchess.com"]
[Source "ChessBase"]
[SourceQuality "1"]
[TimeControl "40/5400+30:1800+30"]

1. d4 {[%emt 1:26:43]} Nf6 {[%emt 1:30:29]} 2. c4 {[%emt 0:04:17]} g6 {[%emt 0:00:31]} 3. Nc3 {[%emt 0:00:27]} Bg7 {[%emt 0:00:30]} 4. e4 {[%emt 0:00:31]} d6 {[%emt 0:00:30]} 5. Nf3 {[%emt 0:00:31]} O-O {[%emt 0:00:27]} 6. Be2 {[%emt 0:00:30]} e5 {[%emt 0:00:30]} 7. O-O {[%emt 0:00:30]} Nc6 {[%emt 0:00:30]} 8. d5 {[%emt 0:00:30]} Ne7 {[%emt 0:00:31]} 9. Ne1 {[%emt 0:00:31]} Nd7 {[%emt 0:00:00]} 10. Be3 {[%emt 0:00:26]} f5 {[%emt 0:01:02]} 11. f3 {[%emt 0:00:32]} f4 {[%emt 0:00:30]} 12. Bf2 {[%emt 0:00:31]} g5 {[%emt 0:00:30]} 13. g4 {[%emt 0:00:28]} fxg3 {[%emt 0:00:29]} 14. hxg3 {[%emt 0:00:33]} h5 {[%emt 0:00:28]} 15. Qd2 Ng6 16. Be3 {[%emt 0:00:56]} Bf6 {[%emt 0:01:00]} 17. Nd3 {[%emt 0:00:32]} Nb6 {[%emt 0:00:00]} 18. b3 {[%emt 0:00:29]} c5 {[%emt 0:01:03]} 19. Rf2 {[%emt 0:00:30]} Rf7 {[%emt 0:00:28]} 20. Rh2 {[%emt 0:00:31]} h4 {[%emt 0:00:30]} 21. gxh4 {[%emt 0:00:17]} Nxh4 {[%emt 0:00:31]} 22. Kh1 {[%emt 0:00:41]} Rg7 {[%emt 0:00:29]} 23. Rg1 {[%emt 0:00:30]} Nd7 {[%emt 0:00:23]} 24. Nf2 {[%emt 0:00:31]} Nf8 {[%emt 0:00:39]} 25. Nh3 {[%emt 0:00:31]} Bxh3 {[%emt 0:00:26]} 26. Rxh3 {[%emt 0:00:30]} Nh7 {[%emt 0:00:31]} 27. Bf1 {[%emt 0:00:00]} Ng6 {[%emt 0:00:31]} 28. Qh2 {[%emt 0:01:00]} Nf4 {[%emt 0:00:26]} 29. Bxf4 {[%emt 0:00:31]} exf4 {[%emt 0:00:36]} 30. Bd3 {[%emt 0:00:28]} Be5 {[%emt 0:00:00] d3 Bxc3 -error} 1-0

[Event "IND-ch Senior Open 2019"]
[Site "Mazitar"]
[Date "2019.12.12"]
[Round "4.20"]
[White "Manigandan, S S"]
[Black "Karthikeyan, P.."]
[Result "0-1"]
[WhiteElo "2164"]
[BlackElo "2423"]
[Annotator "ChessBase"]
[PlyCount "80"]
[EventDate "2018.12.08"]
[EventType "swiss"]
[EventRounds "11"]
[EventCountry "IND"]
[SourceTitle "playchess.com"]
[Source "ChessBase"]
[SourceQuality "1"]
[TimeControl "40/5400+30:1800+30"]

1. d4 {[%emt 1:30:09]} Nf6 {[%emt 1:30:29]} 2. c4 {[%emt 0:00:49]} e6 {[%emt 0:00:31]} 3. Nf3 {[%emt 0:00:30]} a6 {[%emt 0:00:28]} 4. Nc3 {[%emt 0:00:23]} Bb4 {[%emt 0:00:31]} 5. Bd2 {[%emt 0:00:36]} O-O {[%emt 0:00:28]} 6. g3 {[%emt 0:00:32]} d5 {[%emt 0:00:26]} 7. Qb3 {[%emt 0:00:30]} c5 {[%emt 0:00:36]} 8. dxc5 {[%emt 0:00:00]} Bxc5 {[%emt 0:00:31]} 9. Bg2 {[%emt 0:01:00]} Nc6 {[%emt 0:00:22]} 10. cxd5 {[%emt 0:00:00]} exd5 {[%emt 0:00:37]} 11. O-O {[%emt 0:00:46]} d4 {[%emt 0:00:00]} 12. Na4 {[%emt 0:00:00]} Ba7 {[%emt 0:00:56]} 13. Rac1 {[%emt 0:00:44]} Qe7 {[%emt 0:00:00]} 14. Qd3 {[%emt 0:01:00]} Rd8 {[%emt 0:00:00]} 15. a3 {[%emt 0:00:00]} h6 {[%emt 0:00:14]} 16. b4 {[%emt 0:00:09]} Ne4 {[%emt 0:00:55]} 17. Ne5 {[%emt 0:00:00]} Nxg3 {[%emt 0:00:00]} 18. Nxc6 {[%emt 0:00:00]} Nxe2+ {[%emt 0:01:54]} 19. Kh1 {[%emt 0:02:16]} bxc6 {[%emt 0:00:31]} 20. Rce1 {[%emt 0:00:32]} Re8 {[%emt 0:00:30]} 21. Bf3 {[%emt 0:00:26]} Bh3 {[%emt 0:00:30]} 22. Bxe2 {[%emt 0:00:00]} Bxf1 {[%emt 0:00:00]} 23. Bxf1 {[%emt 0:01:02]} Qf6 {[%emt 0:00:00]} 24. Rxe8+ {[%emt 0:00:00]} Rxe8 {[%emt 0:00:47]} 25. Kg1 {[%emt 0:00:23]} Bb8 {[%emt 0:00:08]} 26. Nc5 {[%emt 0:01:13]} a5 {[%emt 0:00:00]} 27. Nd7 {[%emt 0:00:00]} Bxh2+ {[%emt 0:00:00]} 28. Kxh2 {[%emt 0:00:47]} Qxf2+ {[%emt 0:00:00]} 29. Bg2 {[%emt 0:00:00]} Re2 {[%emt 0:00:00]} 30. Qg3 {[%emt 0:01:12]} Qxg3+ {[%emt 0:03:35]} 31. Kxg3 Rxd2 {[%emt 0:00:31]} 32. Bxc6 {[%emt 0:01:01]} Rd3+ {[%emt 0:00:00]} 33. Kf4 {[%emt 0:00:21]} axb4 {[%emt 0:00:45]} 34. axb4 {[%emt 0:00:39]} Rh3 {[%emt 0:00:43]} 35. Kg4 {[%emt 0:00:00]} Re3 {[%emt 0:00:00]} 36. Ba4 {[%emt 0:00:59]} d3 {[%emt 0:00:00]} 37. Kf4 {[%emt 0:00:31]} Rh3 {[%emt 0:00:00]} 38. Kg4 {[%emt 0:00:30]} Rh1 39. b5 {[%emt 0:00:18]} Ra1 {[%emt 0:00:15]} 40. Bb3 {[%emt 0:00:42]} Rb1 {[%emt 0:00:00]} 0-1

[Event "IND-ch Senior Open 2019"]
[Site "Mazitar"]
[Date "2019.12.12"]
[Round "4.21"]
[White "Mohammad Nubairshah Shaikh"]
[Black "Anustoop Biswas"]
[Result "1-0"]
[WhiteElo "2421"]
[BlackElo "2087"]
[Annotator "ChessBase"]
[PlyCount "103"]
[EventDate "2018.12.08"]
[EventType "swiss"]
[EventRounds "11"]
[EventCountry "IND"]
[SourceTitle "playchess.com"]
[Source "ChessBase"]
[SourceQuality "1"]
[TimeControl "40/5400+30:1800+30"]

1. d4 {[%emt 1:29:57]} d5 {[%emt 1:30:29]} 2. c4 {[%emt 0:01:01]} c6 {[%emt 0:00:30]} 3. Nf3 {[%emt 0:00:29]} Nf6 {[%emt 0:00:31]} 4. Nc3 {[%emt 0:00:31]} dxc4 {[%emt 0:00:27]} 5. a4 {[%emt 0:00:32]} Bf5 {[%emt 0:00:00]} 6. e3 {[%emt 0:00:29]} e6 {[%emt 0:01:02]} 7. Bxc4 {[%emt 0:00:30]} Bb4 {[%emt 0:00:30]} 8. O-O {[%emt 0:00:30]} O-O {[%emt 0:00:27]} 9. Nh4 {[%emt 0:00:31]} Nbd7 {[%emt 0:00:33]} 10. f3 {[%emt 0:00:29]} Bg6 {[%emt 0:00:31]} 11. Nxg6 {[%emt 0:00:31]} hxg6 {[%emt 0:00:30]} 12. Qc2 {[%emt 0:00:29]} Qe7 {[%emt 0:00:00]} 13. Rd1 {[%emt 0:00:30]} Rfd8 {[%emt 0:00:00]} 14. Bd2 {[%emt 0:00:29]} c5 {[%emt 0:01:30]} 15. Be1 {[%emt 0:00:31]} cxd4 {[%emt 0:00:30]} 16. exd4 {[%emt 0:00:30]} Nb6 {[%emt 0:00:30]} 17. Bb3 {[%emt 0:00:29]} Rac8 {[%emt 0:00:29]} 18. Qe2 {[%emt 0:00:29]} Nbd5 {[%emt 0:00:30]} 19. Rac1 {[%emt 0:00:31]} Bxc3 {[%emt 0:00:31]} 20. bxc3 {[%emt 0:00:30]} Qa3 {[%emt 0:00:30]} 21. Qa2 {[%emt 0:00:27]} Qxa2 {[%emt 0:00:30]} 22. Bxa2 {[%emt 0:00:35]} Ne3 {[%emt 0:00:27]} 23. Rd3 {[%emt 0:00:27]} Nc4 {[%emt 0:00:33]} 24. Rb1 {[%emt 0:00:30]} Rd7 {[%emt 0:00:29]} 25. Rb4 {[%emt 0:00:31]} Na5 {[%emt 0:00:30]} 26. Rb5 {[%emt 0:00:31]} Nc4 {[%emt 0:00:30]} 27. Bg3 {[%emt 0:00:30]} Nd5 {[%emt 0:00:26]} 28. Rc5 {[%emt 0:00:20]} Rxc5 {[%emt 0:00:35]} 29. dxc5 {[%emt 0:00:41]} Na5 {[%emt 0:00:29]} 30. Kf2 {[%emt 0:00:28]} Nc6 {[%emt 0:00:31]} 31. Bb3 {[%emt 0:00:28]} Na5 {[%emt 0:00:28]} 32. Ba2 {[%emt 0:00:34]} Nc6 {[%emt 0:00:31]} 33. Bc4 {[%emt 0:00:29]} a6 {[%emt 0:00:31]} 34. Bd6 {[%emt 0:00:24]} Nde7 {[%emt 0:00:29]} 35. Ke2 {[%emt 0:00:35]} Kf8 {[%emt 0:00:31]} 36. f4 {[%emt 0:00:30]} Kg8 {[%emt 0:00:30]} 37. g4 {[%emt 0:00:30]} Nc8 {[%emt 0:00:30]} 38. Ke3 {[%emt 0:00:29]} N6e7 {[%emt 0:00:27]} 39. Ke4 {[%emt 0:00:31]} Nxd6+ {[%emt 0:00:22]} 40. cxd6 {[%emt 0:00:32]} Nc8 {[%emt 0:00:38]} 41. Ke5 {[%emt 0:30:30]} Nb6 {[%emt 0:30:31]} 42. Bb3 {[%emt 0:00:00]} Rd8 {[%emt 0:00:29]} 43. a5 {[%emt 0:00:59]} Nd7+ {[%emt 0:00:32]} 44. Kd4 {[%emt 0:00:30]} Nf6 {[%emt 0:00:26]} 45. Kc5 {[%emt 0:00:28]} Nd7+ {[%emt 0:00:34]} 46. Kb4 {[%emt 0:00:33]} g5 {[%emt 0:00:28]} 47. fxg5 {[%emt 0:00:28]} Ne5 {[%emt 0:00:33]} 48. Rd1 {[%emt 0:00:30]} Nxg4 {[%emt 0:00:29]} 49. g6 {[%emt 0:00:29]} Ne3 {[%emt 0:00:31]} 50. Re1 {[%emt 0:00:31]} Nf5 {[%emt 0:00:28]} 51. gxf7+ {[%emt 0:00:30]} Kxf7 {[%emt 0:00:31]} 52. Bxe6+ {[%emt 0:00:32] g5} 1-0

[Event "IND-ch Senior Open 2019"]
[Site "Mazitar"]
[Date "2019.12.12"]
[Round "4.22"]
[White "Ramu, K.."]
[Black "Padmini, Rout"]
[Result "1/2-1/2"]
[WhiteElo "2113"]
[BlackElo "2407"]
[Annotator "ChessBase"]
[PlyCount "20"]
[EventDate "2018.12.08"]
[EventType "swiss"]
[EventRounds "11"]
[EventCountry "IND"]
[SourceTitle "playchess.com"]
[Source "ChessBase"]
[SourceQuality "1"]
[TimeControl "40/5400+30:1800+30"]

1. e4 {[%emt 1:29:33]} c5 {[%emt 1:30:30]} 2. Nf3 {[%emt 0:01:24]} d6 {[%emt 0:00:30]} 3. d4 {[%emt 0:00:33]} cxd4 {[%emt 0:00:30]} 4. Nxd4 {[%emt 0:00:30]} Nf6 {[%emt 0:00:27]} 5. Nc3 {[%emt 0:00:30]} a6 {[%emt 0:00:00]} 6. Be3 {[%emt 0:00:28]} Ng4 {[%emt 0:00:00]} 7. Bc1 {[%emt 0:00:31]} Nf6 {[%emt 0:00:16]} 8. Be3 {[%emt 0:00:30]} Ng4 {[%emt 0:00:00]} 9. Bc1 {[%emt 0:00:30]} Nf6 10. Be3 Ng4 {[%emt 0:01:27]} 1/2-1/2

[Event "IND-ch Senior Open 2019"]
[Site "Mazitar"]
[Date "2019.12.12"]
[Round "4.23"]
[White "Rajesh, V A V"]
[Black "Arpan, Das"]
[Result "1-0"]
[WhiteElo "2393"]
[BlackElo "2112"]
[Annotator "ChessBase"]
[PlyCount "81"]
[EventDate "2018.12.08"]
[EventType "swiss"]
[EventRounds "11"]
[EventCountry "IND"]
[SourceTitle "playchess.com"]
[Source "ChessBase"]
[SourceQuality "1"]
[TimeControl "40/5400+30:1800+30"]

1. d4 {[%emt 1:30:04]} Nf6 {[%emt 1:30:29]} 2. c4 {[%emt 0:00:55]} g6 {[%emt 0:00:31]} 3. Nc3 {[%emt 0:00:27]} Bg7 {[%emt 0:00:26]} 4. e4 {[%emt 0:00:31]} d6 {[%emt 0:00:33]} 5. h3 {[%emt 0:00:31]} Nbd7 {[%emt 0:00:26]} 6. Bd3 {[%emt 0:00:30]} e5 {[%emt 0:00:32]} 7. d5 {[%emt 0:00:32]} Nc5 {[%emt 0:00:31]} 8. Bc2 {[%emt 0:00:30]} a5 {[%emt 0:00:20]} 9. Bg5 {[%emt 0:00:27]} Bd7 {[%emt 0:00:38]} 10. Nf3 {[%emt 0:00:00]} O-O {[%emt 0:00:31]} 11. g4 {[%emt 0:01:02]} c6 {[%emt 0:00:32]} 12. Be3 {[%emt 0:00:00]} cxd5 {[%emt 0:00:31]} 13. cxd5 Qc7 {[%emt 0:00:28]} 14. a4 {[%emt 0:00:00]} Rfb8 {[%emt 0:00:30]} 15. Qe2 {[%emt 0:00:00]} Qb6 {[%emt 0:00:31]} 16. Nb5 {[%emt 0:00:00]} Rc8 {[%emt 0:00:28]} 17. Nd2 {[%emt 0:02:58]} Bf8 {[%emt 0:00:30]} 18. O-O {[%emt 0:00:31]} Qd8 {[%emt 0:00:32]} 19. f3 {[%emt 0:00:31]} Ne8 {[%emt 0:00:30]} 20. Nc4 {[%emt 0:00:00]} Bxb5 {[%emt 0:00:25]} 21. axb5 {[%emt 0:01:01]} b6 {[%emt 0:00:28]} 22. b3 {[%emt 0:00:30]} Rab8 {[%emt 0:00:36]} 23. f4 {[%emt 0:00:28]} exf4 {[%emt 0:00:32]} 24. Rxf4 {[%emt 0:00:31]} Rb7 {[%emt 0:00:30]} 25. Raf1 {[%emt 0:00:13]} Rcc7 {[%emt 0:00:29]} 26. Bd4 {[%emt 0:00:45]} Bg7 {[%emt 0:00:31]} 27. Bxg7 {[%emt 0:00:29]} Nxg7 {[%emt 0:00:30]} 28. Qf2 {[%emt 0:00:31]} Re7 {[%emt 0:00:29]} 29. h4 {[%emt 0:00:28]} h5 {[%emt 0:00:31]} 30. g5 {[%emt 0:00:35]} Ne8 {[%emt 0:00:25]} 31. e5 {[%emt 0:00:30]} dxe5 {[%emt 0:00:35]} 32. Nxe5 {[%emt 0:00:30]} Rxe5 {[%emt 0:00:29]} 33. Rxf7 {[%emt 0:00:30]} Rxg5+ {[%emt 0:00:30]} 34. hxg5 {[%emt 0:00:30]} Qxg5+ {[%emt 0:00:30]} 35. Kh2 {[%emt 0:00:29]} Qe5+ {[%emt 0:00:31]} 36. Kh3 {[%emt 0:00:30]} Nd6 {[%emt 0:00:23]} 37. Rxb7 {[%emt 0:00:31]} Ncxb7 {[%emt 0:00:34]} 38. Qf8+ {[%emt 0:00:29]} Kh7 {[%emt 0:00:32]} 39. Bxg6+ {[%emt 0:00:31]} Kxg6 {[%emt 0:00:31]} 40. Rg1+ {[%emt 0:00:30]} Kh7 {[%emt 0:00:29]} 41. Qg8+ {[%emt 0:30:29]} 1-0

[Event "IND-ch Senior Open 2019"]
[Site "Mazitar"]
[Date "2019.12.12"]
[Round "4.24"]
[White "Kamdar Udit"]
[Black "Harshavardhan G B"]
[Result "0-1"]
[WhiteElo "2107"]
[BlackElo "2344"]
[Annotator "ChessBase"]
[PlyCount "102"]
[EventDate "2018.12.08"]
[EventType "swiss"]
[EventRounds "11"]
[EventCountry "IND"]
[SourceTitle "playchess.com"]
[Source "ChessBase"]
[SourceQuality "1"]
[TimeControl "40/5400+30:1800+30"]

1. e4 {[%emt 1:30:04]} e5 {[%emt 1:30:28]} 2. Bc4 {[%emt 0:00:55]} Nf6 {[%emt 0:00:29]} 3. Nc3 {[%emt 0:00:29]} Nxe4 {[%emt 0:00:32]} 4. Qh5 {[%emt 0:00:29]} Nd6 {[%emt 0:00:28]} 5. Bb3 {[%emt 0:00:30]} g6 {[%emt 0:00:31]} 6. Qxe5+ {[%emt 0:00:32]} Qe7 {[%emt 0:00:30]} 7. d4 {[%emt 0:00:30]} Nc6 {[%emt 0:00:00]} 8. Qxe7+ {[%emt 0:00:00]} Bxe7 {[%emt 0:01:02]} 9. Nd5 {[%emt 0:00:00]} Bd8 {[%emt 0:00:30]} 10. Nf3 {[%emt 0:00:00]} Na5 {[%emt 0:00:00]} 11. O-O {[%emt 0:00:00]} O-O {[%emt 0:00:04]} 12. Bh6 {[%emt 0:00:00]} Re8 {[%emt 0:00:00]} 13. Rfe1 {[%emt 0:00:00]} Nxb3 {[%emt 0:00:00]} 14. axb3 {[%emt 0:03:30]} f6 {[%emt 0:01:34]} 15. Bf4 {[%emt 0:00:00]} Rxe1+ {[%emt 0:01:21]} 16. Nxe1 {[%emt 0:00:00]} Ne8 {[%emt 0:00:30]} 17. b4 {[%emt 0:00:00]} d6 {[%emt 0:00:00]} 18. b5 {[%emt 0:02:00]} Bd7 {[%emt 0:01:00]} 19. c4 {[%emt 0:00:00]} Be6 {[%emt 0:00:31]} 20. Nc3 {[%emt 0:00:00]} Bxc4 {[%emt 0:00:26]} 21. d5 {[%emt 0:01:31]} a5 {[%emt 0:00:33]} 22. Ra4 {[%emt 0:00:29]} Bb3 {[%emt 0:00:31]} 23. Ra3 {[%emt 0:00:31]} a4 {[%emt 0:00:30]} 24. Nf3 {[%emt 0:00:00]} f5 {[%emt 0:00:00]} 25. Nd4 {[%emt 0:00:32]} Bc4 {[%emt 0:01:00]} 26. b3 {[%emt 0:00:00]} Bd3 {[%emt 0:00:30]} 27. bxa4 {[%emt 0:00:00]} Bf6 {[%emt 0:00:29]} 28. Nde2 {[%emt 0:00:00]} Bg7 {[%emt 0:00:30]} 29. Be3 {[%emt 0:00:00]} Bc4 {[%emt 0:00:31]} 30. Bd4 {[%emt 0:00:00]} Bxd4 {[%emt 0:00:29]} 31. Nxd4 {[%emt 0:03:28]} Nf6 {[%emt 0:00:31]} 32. Ne6 {[%emt 0:00:00]} Rc8 {[%emt 0:00:29]} 33. Nf4 {[%emt 0:01:00]} g5 {[%emt 0:00:30]} 34. Ne6 {[%emt 0:00:30]} h6 {[%emt 0:00:28]} 35. Nd4 {[%emt 0:00:30]} f4 {[%emt 0:00:00]} 36. Nf5 {[%emt 0:00:00]} Kf7 {[%emt 0:01:02]} 37. Ra1 {[%emt 0:00:58]} Nxd5 {[%emt 0:00:30]} 38. Nxd5 {[%emt 0:00:32]} Bxd5 {[%emt 0:00:31]} 39. Nxh6+ {[%emt 0:00:29]} Kg6 {[%emt 0:00:30]} 40. Ng4 {[%emt 0:00:31]} Ra8 {[%emt 0:00:29]} 41. h4 {[%emt 0:18:32]} Bc4 {[%emt 0:30:30]} 42. f3 {[%emt 0:00:00]} Bxb5 {[%emt 0:00:31]} 43. hxg5 {[%emt 0:12:57]} Rxa4 {[%emt 0:00:29]} 44. Re1 {[%emt 0:00:30]} Kxg5 {[%emt 0:00:30]} 45. Re7 {[%emt 0:00:30]} Rc4 {[%emt 0:00:31]} 46. Rf7 {[%emt 0:00:31]} Kg6 {[%emt 0:00:30]} 47. Rf8 {[%emt 0:00:00]} Kg7 {[%emt 0:00:30]} 48. Rf5 {[%emt 0:00:00]} Bd7 {[%emt 0:00:29]} 49. Rg5+ {[%emt 0:01:30]} Kf7 {[%emt 0:00:31]} 50. Nf2 {[%emt 0:00:30]} Kf6 {[%emt 0:00:29]} 51. Rh5 {[%emt 0:00:00]} Bf5 {[%emt 0:00:29]} 0-1

[Event "IND-ch Senior Open 2019"]
[Site "Mazitar"]
[Date "2019.12.12"]
[Round "4.25"]
[White "Bharat Kumar Reddy Poluri"]
[Black "Bakshi, Rutuja"]
[Result "1/2-1/2"]
[WhiteElo "2337"]
[BlackElo "2075"]
[Annotator "ChessBase"]
[PlyCount "43"]
[EventDate "2018.12.08"]
[EventType "swiss"]
[EventRounds "11"]
[EventCountry "IND"]
[SourceTitle "playchess.com"]
[Source "ChessBase"]
[SourceQuality "1"]
[TimeControl "40/5400+30:1800+30"]

1. e4 {[%emt 1:30:26]} e6 {[%emt 1:30:30]} 2. d4 {[%emt 0:00:32]} d5 {[%emt 0:00:29]} 3. Nd2 {[%emt 0:00:31]} c5 {[%emt 0:00:31]} 4. exd5 {[%emt 0:00:29]} exd5 {[%emt 0:00:28]} 5. Ngf3 {[%emt 0:00:31]} Nc6 {[%emt 0:00:30]} 6. Be2 {[%emt 0:00:29]} Bd6 {[%emt 0:00:31]} 7. dxc5 {[%emt 0:00:31]} Bxc5 {[%emt 0:00:31]} 8. O-O {[%emt 0:00:30]} Nge7 {[%emt 0:00:26]} 9. Nb3 {[%emt 0:00:31]} Bd6 {[%emt 0:00:33]} 10. Bg5 {[%emt 0:00:29]} O-O {[%emt 0:00:31]} 11. Bh4 {[%emt 0:00:30]} Bg4 {[%emt 0:00:29]} 12. Nfd4 {[%emt 0:00:30]} Bxe2 {[%emt 0:00:29]} 13. Qxe2 {[%emt 0:00:30]} Qd7 {[%emt 0:00:32]} 14. Rad1 {[%emt 0:00:20]} Rfe8 {[%emt 0:00:28]} 15. Bxe7 {[%emt 0:00:38]} Bxe7 {[%emt 0:00:32]} 16. Qf3 {[%emt 0:00:30]} Kh8 {[%emt 0:00:26]} 17. Nb5 {[%emt 0:00:31]} Rad8 {[%emt 0:00:33]} 18. g3 {[%emt 0:00:30]} a6 {[%emt 0:00:30]} 19. Nc3 {[%emt 0:00:30] b4 Ne2} f5 {[%emt 0:00:30]} 20. Qg2 {[%emt 0:00:30] Qxe7 Nf4} d4 {[%emt 0:00:31]} 21. a3 {[%emt 0:00:31]} a5 22. Nxa5 {[%emt 0:00:11] -error} 1/2-1/2

[Event "IND-ch Senior Open 2019"]
[Site "Mazitar"]
[Date "2019.12.13"]
[Round "5.1"]
[White "Akash G"]
[Black "Aravindh, Chithambaram VR."]
[Result "1-0"]
[WhiteElo "2431"]
[BlackElo "2605"]
[Annotator "TA"]
[PlyCount "117"]
[EventDate "2018.12.08"]
[EventType "swiss"]
[EventCountry "IND"]
[SourceTitle "playchess.com"]
[Source "ChessBase"]
[SourceQuality "1"]

{[%evp 19,117,27,22,27,24,21,28,17,29,-14,-11,-33,-33,-35,-37,-32,-39,-31,-37,-35,-37,-34,6,0,132,133,133,129,140,134,138,72,135,142,143,145,139,136,166,152,163,161,160,133,163,163,166,166,291,282,327,331,320,327,721,729,728,727,705,659,652,568,548,566,533,93,159,160,747,733,680,651,1080,140,969,0,703,686,674,668,621,270,270,270,257,258,846,745,690,671,1118,1110,29975,29974,29974,29976,29975,29976,29974,29971]} 1. e4 c5 2. Nf3 d6 3. d4 cxd4 4. Nxd4 Nf6 5. Nc3 g6 6. Be3 Bg7 7. f3 O-O 8. Qd2 Nc6 9. Bc4 Bd7 10. O-O-O Rb8 11. Kb1 {B78: Sicilian Dragon: Yugoslav Attack, 9 Bc4 Bd7 10 0-0-0 Rc8} (11. Bb3 Na5 12. Bh6 Bxh6 13. Qxh6 b5 14. Nd5 Nxb3+ 15. Nxb3 e5 16. Nxf6+ Qxf6 17. h4 Rb6 18. h5 Qe7 19. hxg6 fxg6 {0-1 (55) Robson,R (2667)-Nakamura,H (2746) Saint Louis 2019}) 11... Nxd4 12. Bxd4 (12. Qxd4 b5 $15) 12... b5 $1 {[%cal Rb5c4]} 13. Be2 {White has an edge.} e6 14. e5 (14. Bxa7 Rb7 $15) 14... dxe5 15. Bxa7 b4 $146 ({Predecessor:} 15... Rb7 16. Bc5 Qa8 17. Bxf8 Bxf8 18. Bd3 Bb4 {0-1 (32) Pavlovic,D (2416)-Mihajlovic,V (2373) Cetinje 2009}) 16. Ne4 Ra8 $1 {[%cal Ra8a7]} 17. Nxf6+ Bxf6 18. Qxd7 Qa5 19. Bc4 Rxa7 20. Qc6 e4 21. Qxe4 b3 (21... Rc7 $11 {keeps the balance.}) 22. Bxb3 $16 Rb8 {Hoping for ...Rxb3!} 23. Qe3 Ra6 {Black wants to play ...Rxb3!} 24. c3 $1 h5 (24... Rxb3 $2 25. axb3 Qb5 26. Qd3 $18) 25. Kc2 (25. Rhe1 $142) 25... Rab6 ({Black should try} 25... Qb5 26. Qf4 Rxa2 27. Qxb8+ (27. Bxa2 Qxb2+ 28. Kd3 Qxc3+ 29. Ke2 Rb4 $11) 27... Qxb8 28. Bxa2 Qf4) 26. Rd3 Bg5 27. f4 Bf6 28. Re1 R8b7 29. Qf3 Qc5 30. g3 Ra7 31. Re4 Rab7 32. h3 Rb5 33. Qe3 Qf5 {[#]} (33... Qc6 $142 34. Kc1 Ra5) 34. Rxe6 $1 $18 {[%mdl 512]} Kg7 {[#]} (34... fxe6 35. Bxe6+) 35. g4 $1 hxg4 36. hxg4 Qxg4 $2 {[#]} (36... Qc5 37. Qxc5 Rxc5) 37. Rxf6 $1 Kxf6 38. Qd4+ Kf5 39. c4 Ra5 40. Qd8 Rc5 41. Kb1 (41. Rd5+ Rxd5 42. Qxd5+ Kxf4 $11) 41... Qxf4 {intending ...Rb8.} 42. Rd4 $2 ({Worse is} 42. Rd5+ Rxd5 43. Qxd5+ Kf6 $11) (42. Rd6 $18 {and the rest is easy. Intending Qf6+ and mate.} Ke5 43. Rd1 (43. Rd5+ Rxd5 44. Qxd5+ {[%mdl 64] Double Attack} Kf6 $11)) 42... Qe5 (42... Qb8 $142) 43. Qh4 $1 $16 {[%mdl 1024] And now Bc2+ would win. White has strong compensation.} ({But not} 43. Bc2+ $6 Ke6 $16) 43... g5 $2 (43... Rxb3 $16 44. axb3 g5 45. Qf2+ (45. Qh7+ Kf6 $16) 45... Kg6) 44. Qh7+ $18 Kf6 {[#]} 45. Re4 $1 Qb8 46. Qh6+ Kf5 47. Qh7+ Kf6 48. Re2 {Qh6+ would kill now.} Qf8 49. Rf2+ Ke5 50. Bc2 (50. Ba4 $142) 50... Kd6 {[#]} 51. Qh2+ $1 Ke7 52. Re2+ Kf6 $2 (52... Kd8 53. Ba4 Rxc4) 53. Qf2+ Kg7 54. Qd4+ f6 55. Qe4 {[%csl Gc2][%cal Re4h7]} Qb8 56. Qg6+ {White mates.} Kf8 57. Qxf6+ Kg8 58. Qg6+ Kh8 59. Re8+ {Accuracy: White = 69%, Black = 42%.} 1-0

[Event "IND-ch Senior Open 2019"]
[Site "Mazitar"]
[Date "2019.12.13"]
[Round "5.2"]
[White "Chanda, Sandipan"]
[Black "Ghosh, Diptayan"]
[Result "1/2-1/2"]
[WhiteElo "2545"]
[BlackElo "2555"]
[Annotator "TA"]
[PlyCount "61"]
[EventDate "2018.12.08"]
[EventType "swiss"]
[EventCountry "IND"]
[SourceTitle "playchess.com"]
[Source "ChessBase"]
[SourceQuality "1"]

{[%evp 16,61,0,-5,0,0,0,0,0,17,18,8,14,8,31,27,27,25,32,32,27,4,6,-21,-16,-9,26,0,6,6,21,28,70,0,0,0,0,0,0,0,0,0,0,0,0,0,0,0]} 1. d4 Nf6 2. c4 e6 3. Nc3 Bb4 4. e3 O-O 5. Bd2 d5 6. Nf3 b6 7. cxd5 exd5 8. Bd3 Bb7 9. O-O Be7 {E52: Nimzo-Indian: Rubinstein: 4...0-0 5 Nf3 d5 6 Bd3 b6} (9... Bd6 10. Rc1 c5 11. Ne5 Nc6 12. Ng4 Nxg4 13. Qxg4 c4 14. Bb1 Ne7 15. Nb5 f5 16. Qe2 a6 17. Nxd6 Qxd6 18. f3 b5 19. Be1 Ng6 20. Ba5 Ne7 21. Be1 Ng6 22. Ba5 Ne7 23. Be1 {½-½ (23) Nakamura,H (2743)-Giri,A (2779) Saint Louis 2019}) 10. Ne5 c5 11. Qf3 Nc6 $146 ({Predecessor:} 11... Nbd7 12. Qh3 g6 {0-1 (32) Markiewicz,J (2241)-Pazderski,Z (2244) Poronin 2013}) 12. Qh3 Nxe5 13. dxe5 Ne4 14. f4 f5 15. Rad1 Qe8 16. Nxe4 dxe4 17. Bc4+ Kh8 18. g4 b5 19. Be6 Qg6 20. Bd7 Bc8 (20... b4 {keeps more tension.} 21. Be1 fxg4 22. Qxg4 Qxg4+ 23. Bxg4 Rfd8) 21. Ba5 fxg4 22. Qg2 Bxd7 23. Rxd7 Rae8 24. Bc7 ({White should play} 24. Rxa7 $14 Bh4 25. a3) 24... Qf5 $11 {The position is equal.} 25. Rxe7 {[%mdl 64] [#] Remove Defender} Rxe7 26. Bd6 {[%mdl 64] Double Attack} Ree8 27. Bxf8 Rxf8 28. Qd2 h6 29. Qd6 Kh7 30. Rd1 g3 31. hxg3 {Accuracy: White = 81%, Black = 56%.} 1/2-1/2

[Event "IND-ch Senior Open 2019"]
[Site "Mazitar"]
[Date "2019.12.13"]
[Round "5.3"]
[White "Gupta, Abhijeet"]
[Black "Neelotpal, Das"]
[Result "1-0"]
[WhiteElo "2611"]
[BlackElo "2430"]
[Annotator "TA"]
[PlyCount "37"]
[EventDate "2018.12.08"]
[EventType "swiss"]
[EventCountry "IND"]
[SourceTitle "playchess.com"]
[Source "ChessBase"]
[SourceQuality "1"]

{[%evp 9,56,12,25,31,34,22,31,37,61,26,64,47,185,177,127,33,51,64,66,61,55,52,68,48,54,73,60,17,241,202,207,207,207,207,200,200,195,213,384,378,695,695,29996,29997,29997,29998,29998,29999,29999]} 1. d4 d6 2. Nf3 g6 3. c4 f5 4. b4 Bg7 5. Bb2 Nf6 6. e3 {A41: 1 d4 d6: Tartakower System and Modern Defence} O-O 7. Be2 e5 8. dxe5 {White is slightly better.} Nfd7 $146 ({Predecessor:} 8... Ng4 9. Qb3 Nxe5 10. O-O Be6 11. Rd1 Nbd7 {1-0 (46) Tkachiev,V (2661)-Mingarro Carceller,S (2264) La Massana 2015}) 9. c5 dxe5 10. h4 Qe7 (10... a5 $14) 11. Nc3 $18 {And now Nd5 would win.} c6 12. Ng5 (12. h5 $16) 12... a5 $14 13. a3 $36 {[%mdl 2048] White has the initiative.} axb4 14. axb4 Rxa1 15. Qxa1 Na6 16. b5 Naxc5 17. bxc6 bxc6 18. Ba3 Bb7 $2 {[#]} (18... e4 $11 {and Black is okay.}) 19. Qa2+ {Played: Nc3-a4} 1-0